banner-ar

DEVELOPMENT, TRADE AND THE WTO / (Record no. 5718)

MARC details
000 -الفاتح
حقل البيانات ثابتة الطول 00590nam a2200205Ia 4500
008 - عناصر البيانات ثابتة الطول - معلومات عامة
حقل البيانات ثابتة الطول 140319s9999 xx 000 0 eng d
020 ## - الرقم الدولى المعيارى للكتب
الرقم الدولى المعيارى للكتاب 082134997X
040 ## - مصدر الفهرسة
وكالة الفهرسة الأصلية GCL /
وكالة النسخ GCL
082 04 - رقم تصنيف ديوى العشرى
رقم التصنيف 382
رقم المادة H D
100 1# - المدخل الرئيسى - إسم شخصى
الإسم الشخصى HOEKMAN, BERNARD
245 10 - بيان العنوان
العنوان DEVELOPMENT, TRADE AND THE WTO /
بيان المسئوليه,etc HOEKMAN, BERNARD
700 1# - المدخل الاضافى - اسم شخصى
الإسم الشخصى MATTOO, AADITYA
260 ## - PUBLICATION, DISTRIBUTION, ETC. (IMPRINT)
تاريخ النشر أو التوزيع 2002
300 ## - الوصف المادى
التعداد 26 CM ؛
أبعاد الوعاء 641 P
650 04 - المدخل الاضافى بالموضوع-مصطلح موضوعى
مصطلح موضوعي INTERNATIONAL TRADE
650 04 - المدخل الاضافى بالموضوع-مصطلح موضوعى
مصطلح موضوعي INTERNATIONAL ECONOMIC RELATIONS
650 04 - المدخل الاضافى بالموضوع-مصطلح موضوعى
مصطلح موضوعي WORLD TRADE ORGANIZATION - HANDBOOKS
942 ## - عناصر المدخل الإضافي( كوها)
مصدر التصنيف او مخطط الترفيف Dewey Decimal Classification
Koha [default] item type كتاب
260 ## - PUBLICATION, DISTRIBUTION, ETC. (IMPRINT)
-- نيويورك :
-- THE WORLD BANK ،
Holdings
حالة التراجع حالة الفقد حالة تلف ليس للاعارة المكان المؤقت الموقع الحالى تاريخ الاكتساب اجمالي اﻻعارات رقم الطلب الباركود تاريخ اخر مشاهدة تاريخ تفعيل السعر نوع وعاء كوها
        مكتبة القاهرة الكبرى مكتبة القاهرة الكبرى 03/26/2014   382\H D 12140 03/26/2014 03/26/2014 كتاب

Powered By

EGPV